Library Banner

تحریک پاکستان اور اہلحدیث (Record no. 66310)

MARC details
000 -LEADER
fixed length control field 00416nam a22001457a 4500
005 - DATE AND TIME OF LATEST TRANSACTION
control field 20150217104053.0
008 - FIXED-LENGTH DATA ELEMENTS--GENERAL INFORMATION
fixed length control field 150217b xxu||||| |||| 00| 0 eng d
040 ## - CATALOGING SOURCE
Transcribing agency PK-LaUMT
082 ## - DEWEY DECIMAL CLASSIFICATION NUMBER
Classification number KHC 297.814
Item number ABD-T
100 ## - MAIN ENTRY--PERSONAL NAME
Personal name عبدالعظیم
245 ## - TITLE STATEMENT
Title تحریک پاکستان اور اہلحدیث
Statement of responsibility, etc عبدالعظیم
260 ## - PUBLICATION, DISTRIBUTION, ETC. (IMPRINT)
Place of publication, distribution, etc لاہور
Name of publisher, distributor, etc مکتبہ قدوسیہ
Date of publication, distribution, etc 2000
300 ## - PHYSICAL DESCRIPTION
Extent 80 ص
942 ## - ADDED ENTRY ELEMENTS (KOHA)
Koha item type Books
Holdings
Withdrawn status Lost status Damaged status Home library Current library Date acquired Full call number Barcode Date last seen Price effective from Koha item type
      UMT Main Campus UMT Main Campus 2015-02-17 KHC 297.814 ABD-T 72709 2015-02-17 2015-02-17 Books